Moderní architektura kritické dějiny

Bibliographic Details
Main Author: Frampron, Kenneth, 1930- (Author)
Other Authors: Halík, Pavel (Translator), Kratochvíl, Petr (Translator)
Format: Book
Language:Czech
English
PhysicalDescription:457 s. ilustr., plány 25 cm
Published: Praha Academia 2004
ISBN:8020012613
Edition:Vyd. 1.
Subjects:

MARC

LEADER 00000cam a2200000 a 4500
001 vtls008291348
003 SK-MaSNL
005 20260302074119.0
008 240314s2004 xr ae g 001 0 cze
020 |a 8020012613  |q (viaz.) 
035 |a SVKPOKN102827 
040 |a SNK  |b slo  |c SNK  |e AACR2 
041 1 |a cze  |h eng 
044 |a xr  |c CZ 
072 7 |a 72  |x Architektúra  |2 konspekt 
080 |a 72.036/.038  |2 2001 
080 |a (048.8)  |2 2001 
100 1 |a Frampron, Kenneth,  |d 1930-  |4 aut  |9 739340 
240 1 0 |a Modern architecture  |l Česky 
245 1 0 |a Moderní architektura  |b kritické dějiny  |c Kenneth Frampron ; [z angl. orig. přeložili Pavel Halík a Petr Kratochvíl] 
250 |a Vyd. 1. 
260 |a Praha  |b Academia  |c 2004 
300 |a 457 s.  |b ilustr., plány  |c 25 cm 
504 |a Obsahuje bibliogr. a reg. 
650 0 7 |a moderná architektúra  |x dejiny  |2 SNKPH  |9 739341 
650 0 7 |a Modern architecture  |x history  |2 SNKPHeng  |9 739342 
650 0 7 |a architektúra  |2 SNK  |9 722 
650 0 7 |a 19.-20. stor.  |2 SNK  |9 656647 
655 7 |a prehľady  |2 SNKPH  |9 70194 
655 7 |a štúdie  |2 SNKPH  |9 57033 
655 7 |a Surveys  |2 SNKPHeng  |9 266058 
655 7 |a Studies  |2 SNKPHeng  |9 265573 
700 1 |a Halík, Pavel  |4 trl  |9 299957 
700 1 |a Kratochvíl, Petr  |4 trl  |9 286682 
852 |a Akadémia umení v Banskej Bystrici 
919 |a 80-200-1261-3 
999 |c 1163738  |d 1165668 
952 |t snkFRA 72  |a SNKUST  |b SNKUST  |y PREZ  |7 0  |p 17A0657019  |o snkIC 138624  |i snk2010/8112  |8 2  |g 11.39  |0 0  |1 0  |4 0  |d 2010-01-21  |l 0  |r 2025-03-20 00:00:00  |w 2026-02-24